[Event "Madrid ch 2011-2012 Previa A"]
[Site "Madrid ESP"]
[Date "2012.02.08"]
[Round "3.3"]
[White "Sancho Pascual, Emilio"]
[Black "Calcerrada Lopez, Enrique"]
[Result "1/2-1/2"]
[WhiteElo "1572"]
[BlackElo "1821"]
[PlyCount "60"]
[EventDate "2012.02.06"]
[EventType "swiss"]
[EventRounds "9"]
[EventCountry "ESP"]
[Source "lmi"]
[SourceDate "2012.02.06"]

1. Nf3 Nf6 2. b3 e6 3. Bb2 Be7 4. g3 b6 5. Bg2 Bb7 6. c4 c5 7. d3 d6 8. Nbd2
Nbd7 9. O-O O-O 10. Qc2 Qc7 11. Rfd1 Rac8 12. a4 d5 13. e3 Rfd8 14. Bc3 a5 15.
Bb2 Bd6 16. Rac1 Qb8 17. d4 cxd4 18. Nxd4 Nc5 19. Qb1 Qa8 20. Nb5 Bb8 21. Bxf6
gxf6 22. cxd5 f5 23. Nc3 Be5 24. e4 Bxc3 25. Rxc3 exd5 26. exd5 Bxd5 27. Bxd5
Qxd5 28. Rcc1 Qe6 29. Nc4 Rxd1+ 30. Rxd1 Nxb3 1/2-1/2

[Event "Madrid ch 2011-2012 Previa A"]
[Site "Madrid ESP"]
[Date "2012.02.08"]
[Round "3.6"]
[White "Al-zarif Zabala, Bassam"]
[Black "Lopez Heras, Arturo"]
[Result "1/2-1/2"]
[WhiteElo "1727"]
[BlackElo "1897"]
[PlyCount "77"]
[EventDate "2012.02.06"]
[EventType "swiss"]
[EventRounds "9"]
[EventCountry "ESP"]
[Source "lmi"]
[SourceDate "2012.02.06"]

1. e4 e5 2. d4 exd4 3. Qxd4 Nc6 4. Qe3 Nf6 5. Nc3 Be7 6. Bc4 O-O 7. Bd2 Ng4 8.
Qf4 Bc5 9. Nh3 Nce5 10. Bb3 d6 11. O-O-O c6 12. f3 Nf6 13. Qg3 Nh5 14. Qe1 Bxh3
15. gxh3 Nxf3 16. Qe2 Nxd2 17. Qxh5 Nxb3+ 18. axb3 g6 19. Qh6 b5 20. e5 d5 21.
Ne4 Be7 22. Rhg1 Kh8 23. e6 fxe6 24. Rxg6 Rf7 25. Ng5 Bxg5+ 26. Rxg5 Qf6 27.
Qh5 Rg8 28. Rxg8+ Kxg8 29. Rg1+ Kf8 30. Kb1 a5 31. Qd1 a4 32. bxa4 bxa4 33. Qd2
a3 34. Qb4+ Re7 35. Qxa3 e5 36. Qa6 Qe6 37. Qa8+ Re8 38. Qb7 Re7 39. Qa8+
1/2-1/2

[Event "Madrid ch 2011-2012 Previa A"]
[Site "Madrid ESP"]
[Date "2012.02.08"]
[Round "3.7"]
[White "Camarero Izquierdo, Juan Carlos"]
[Black "Rodriguez Bachiller, Luis"]
[Result "1-0"]
[WhiteElo "1896"]
[BlackElo "1789"]
[PlyCount "109"]
[EventDate "2012.02.06"]
[EventType "swiss"]
[EventRounds "9"]
[EventCountry "ESP"]
[Source "lmi"]
[SourceDate "2012.02.06"]

1. d4 Nf6 2. Nc3 e6 3. Bg5 Be7 4. Bxf6 Bxf6 5. e4 e5 6. d5 d6 7. Nf3 O-O 8. Qd3
Be7 9. O-O-O f5 10. Kb1 Na6 11. exf5 Bxf5 12. Qe3 Nc5 13. h4 Bg4 14. Bd3 Nxd3
15. Qxd3 Bf5 16. Qd2 Bg4 17. Qe3 a6 18. Rdg1 Bxf3 19. gxf3 Rf4 20. Rg4 Rxg4 21.
fxg4 Qf8 22. g5 Qf5 23. a3 Rf8 24. Qa7 Qxf2 25. Qxb7 Qb6 26. Qc6 Rb8 27. Qxb6
cxb6 28. Re1 Rf8 29. Re4 Rf1+ 30. Ka2 Rf4 31. Kb3 Rxe4 32. Nxe4 Kf7 33. h5 Ke8
34. Kc4 Kd7 35. a4 Kc7 36. b4 h6 37. g6 Kd7 38. Kd3 Bh4 39. Ke2 Ke7 40. c4 Kd7
41. c5 dxc5 42. bxc5 bxc5 43. Kd3 Be7 44. Kc4 Bf8 45. a5 Be7 46. Nxc5+ Bxc5 47.
Kxc5 Kc7 48. d6+ Kd7 49. Kd5 e4 50. Kxe4 Kxd6 51. Kd4 Ke6 52. Kc5 Ke5 53. Kb6
Kd6 54. Kxa6 Kc6 55. Ka7 1-0

[Event "Madrid ch 2011-2012 Previa A"]
[Site "Madrid ESP"]
[Date "2012.02.08"]
[Round "3.8"]
[White "Ruiz Castro, Manuel"]
[Black "Martin-consuegra Barrilero, Francisco Javier"]
[Result "0-1"]
[WhiteElo "1735"]
[BlackElo "1886"]
[PlyCount "122"]
[EventDate "2012.02.06"]
[EventType "swiss"]
[EventRounds "9"]
[EventCountry "ESP"]
[Source "lmi"]
[SourceDate "2012.02.06"]

1. e4 d6 2. d4 Nf6 3. Nc3 Nbd7 4. Bd3 e5 5. dxe5 dxe5 6. h3 c6 7. Nf3 Be7 8.
O-O O-O 9. Bg5 Ne8 10. Qd2 Bxg5 11. Qxg5 Qxg5 12. Nxg5 h6 13. Nf3 Nc7 14. Rad1
Re8 15. Rd2 Nc5 16. Rfd1 Nxd3 17. Rxd3 f6 18. Rd8 Kf8 19. Nh4 Be6 20. Rxa8 Rxa8
21. g4 h5 22. f3 g5 23. Ng2 Ke7 24. Kf2 h4 25. a3 b5 26. Ne3 a5 27. Rd2 Na6 28.
b3 Nc5 29. Ncd1 Ra7 30. Nb2 Rb7 31. Ke2 Rd7 32. Rxd7+ Kxd7 33. Nd3 Nb7 34. Nc1
Kd6 35. Kd2 Kc5 36. Nd3+ Kb6 37. Nc1 Nd6 38. Nd3 c5 39. Nc1 Kc6 40. Ne2 b4 41.
a4 c4 42. Nc1 Kc5 43. bxc4 Nxc4+ 44. Nxc4 Bxc4 45. Ke3 Bf1 46. Nb3+ Kb6 47. Nd2
Ba6 48. Nb3 Bc4 49. Nd2 Be6 50. Nb3 Bd7 51. Nd2 Bxa4 52. Nc4+ Kc5 53. Nxa5 Bxc2
54. Kd2 Ba4 55. Nb7+ Kc6 56. Na5+ Kb5 57. Nb7 Kc4 58. Na5+ Kd4 59. Nb7 b3 60.
Kc1 Kc3 61. Na5 b2+ 0-1

[Event "Madrid ch 2011-2012 Previa A"]
[Site "Madrid ESP"]
[Date "2012.02.08"]
[Round "3.11"]
[White "Lopez Peral, Enrique"]
[Black "Martinez Miura, Enrique"]
[Result "1/2-1/2"]
[WhiteElo "1823"]
[BlackElo "1670"]
[PlyCount "133"]
[EventDate "2012.02.06"]
[EventType "swiss"]
[EventRounds "9"]
[EventCountry "ESP"]
[Source "lmi"]
[SourceDate "2012.02.06"]

1. e4 e6 2. Qe2 Ne7 3. d4 d5 4. Bg5 Nbc6 5. c3 dxe4 6. Qxe4 Qd5 7. Qxd5 exd5 8.
Bd3 Bf5 9. Bb5 f6 10. Bf4 O-O-O 11. Ne2 a6 12. Ba4 Bd3 13. Kd2 Bf5 14. Ng3 Bd7
15. Bc2 g5 16. Be3 h5 17. h4 g4 18. Re1 Bh6 19. Bxh6 Rxh6 20. Ne2 f5 21. Nf4
Rf8 22. Bb3 Ng6 23. Nxg6 Rxg6 24. Bxd5 Nd8 25. Na3 Be6 26. Bxe6+ Nxe6 27. Nc4
Nf4 28. g3 Nh3 29. Ne5 Rgf6 30. Nd3 f4 31. Ne5 Nxf2 32. gxf4 Nh3 33. f5 Rxf5
34. Kd3 Nf4+ 35. Kc4 Ng2 36. Rh1 R8f6 37. Rag1 Ne3+ 38. Kd3 Nd5 39. a3 Nf4+ 40.
Ke4 Nh3 41. Rxh3 gxh3 42. Rh1 Rf4+ 43. Ke3 Rxh4 44. Nf3 Rhf4 45. Rxh3 R4f5 46.
b3 Re6+ 47. Ne5 Re7 48. Rg3 c5 49. Ke4 Rf1 50. Rh3 cxd4 51. cxd4 Rh7 52. Kd5 h4
53. Ng6 Rg1 54. Rxh4 Rxh4 55. Nxh4 Rg5+ 56. Kc4 b5+ 57. Kb4 Kb7 58. a4 Kb6 59.
axb5 Rxb5+ 60. Kc4 Rg5 61. Nf3 Rg3 62. Ne5 Rg1 63. Nd7+ Kc7 64. Nc5 Kb6 65.
Nd7+ Kc7 66. Nc5 Kb6 67. Nd7+ 1/2-1/2

[Event "Madrid ch 2011-2012 Previa A"]
[Site "Madrid ESP"]
[Date "2012.02.08"]
[Round "3.12"]
[White "Martinez Carrasco, Jesus"]
[Black "Martos De La Vega, Alvaro"]
[Result "0-1"]
[WhiteElo "1580"]
[BlackElo "1935"]
[PlyCount "78"]
[EventDate "2012.02.06"]
[EventType "swiss"]
[EventRounds "9"]
[EventCountry "ESP"]
[Source "lmi"]
[SourceDate "2012.02.06"]

1. d4 Nf6 2. c4 g6 3. Nf3 Bg7 4. e3 d6 5. Nc3 O-O 6. Bd3 Nc6 7. O-O e5 8. Qc2
Qe7 9. a3 Bg4 10. Be2 e4 11. Ne1 Bf5 12. b4 Rae8 13. Qd1 Bc8 14. Bd2 Nd7 15.
Nd5 Qd8 16. f3 exf3 17. Nxf3 Ne7 18. Nxe7+ Qxe7 19. Re1 Nf6 20. h3 Ne4 21. Bd3
Bf5 22. Rc1 Bh6 23. Bxe4 Bxe4 24. Qe2 Qd7 25. Rc3 Re7 26. Qf2 Bg7 27. Qh4 Rfe8
28. Ng5 h6 29. Nxe4 Rxe4 30. Qf2 c5 31. Rd3 Qe7 32. Qe2 cxd4 33. Qf2 Qe6 34.
Kf1 Qxc4 35. Qe2 Qe6 36. Bc1 Bf6 37. Bb2 dxe3 38. Bxf6 Qxf6+ 39. Qf3 Rf4 0-1

[Event "Madrid ch 2011-2012 Previa A"]
[Site "Madrid ESP"]
[Date "2012.02.08"]
[Round "3.13"]
[White "Veuthey Martinez, Eloy"]
[Black "Perez Cameselle, Francisco"]
[Result "0-1"]
[WhiteElo "1552"]
[BlackElo "1909"]
[PlyCount "122"]
[EventDate "2012.02.06"]
[EventType "swiss"]
[EventRounds "9"]
[EventCountry "ESP"]
[Source "lmi"]
[SourceDate "2012.02.06"]

1. d4 Nf6 2. Nf3 g6 3. Nc3 c5 4. d5 e6 5. e4 exd5 6. exd5 d6 7. Bb5+ Bd7 8. a4
Qe7+ 9. Qe2 a6 10. Qxe7+ Bxe7 11. Bxd7+ Nbxd7 12. a5 O-O 13. Bg5 Rfe8 14. O-O
Bf8 15. h3 Ne4 16. Rab1 Nxg5 17. Nxg5 Nf6 18. Rfe1 Rxe1+ 19. Rxe1 Re8 20. Rxe8
Nxe8 21. Na4 Be7 22. Ne4 f5 23. Nd2 Nf6 24. Nb6 Bd8 25. Ndc4 Bxb6 26. Nxb6 Kg7
27. f3 f4 28. Kf2 g5 29. c4 Kg6 30. Nc8 Ne8 31. g4 fxg3+ 32. Kxg3 Kf5 33. Kf2
Kf4 34. Kg2 Ke3 35. Kg3 Kd4 36. Nb6 Ng7 37. Kg4 h6 38. f4 gxf4 39. Kxf4 Kd3 40.
h4 Kc2 41. Nc8 Ne8 42. Kf5 Kxb2 43. Kg6 Kc3 44. Nb6 Kb4 45. Kxh6 Nf6 46. Kg6
Ng4 47. Kf5 Nh6+ 48. Ke6 Kxa5 49. Nd7 Kb4 50. Nb6 a5 51. Kxd6 Nf5+ 52. Ke5 Nxh4
53. d6 Nf3+ 54. Kd5 Nd4 55. Ke4 a4 56. d7 Nc6 57. Nxa4 Kxa4 58. Kd5 Kb4 59. Kd6
Kxc4 60. Kc7 Kd5 61. Kxb7 c4 0-1

[Event "Madrid ch 2011-2012 Previa A"]
[Site "Madrid ESP"]
[Date "2012.02.08"]
[Round "3.16"]
[White "Fernandez Aransay, Fernando"]
[Black "Ureña Castellanos, Antonio"]
[Result "1-0"]
[WhiteElo "1897"]
[BlackElo "1673"]
[PlyCount "151"]
[EventDate "2012.02.06"]
[EventType "swiss"]
[EventRounds "9"]
[EventCountry "ESP"]
[Source "lmi"]
[SourceDate "2012.02.06"]

1. e4 e6 2. d4 d5 3. exd5 exd5 4. Nf3 Nf6 5. c4 c6 6. Bd3 Bb4+ 7. Nc3 O-O 8.
O-O Bg4 9. Be3 Qa5 10. Rc1 Bxc3 11. Rxc3 Ne4 12. Ra3 Qc7 13. h3 Bh5 14. g4 Bg6
15. Ne5 Nd7 16. Nxg6 fxg6 17. Qc2 Qd6 18. Bxe4 dxe4 19. Qxe4 Rae8 20. Qg2 a6
21. Qh2 Qf6 22. Qg3 Nb6 23. Rc3 Nd7 24. Rb3 b5 25. cxb5 axb5 26. Rc3 Qe6 27.
Qc7 Rc8 28. Qb7 Nf6 29. Rfc1 Rf7 30. Rxc6 Rxb7 31. Rxe6 Rxc1+ 32. Bxc1 Rc7 33.
Be3 Nd5 34. Re5 Rd7 35. Kg2 Kf7 36. g5 Nc7 37. Rc5 Ke6 38. Bf4 Nd5 39. Be5 b4
40. Ra5 Kf5 41. Bxg7 Kxg5 42. a3 bxa3 43. bxa3 Kf4 44. Be5+ Ke4 45. Kg3 Rf7 46.
Rc5 Rf3+ 47. Kg2 Rxa3 48. Rc8 Ra2 49. Rh8 h5 50. Rf8 Ne3+ 51. Kg1 Ra1+ 52. Kh2
Nf5 53. Rf6 Kf3 54. Bg3 Rf1 55. h4 Ke4 56. Rxg6 Nxd4 57. Kg2 Rb1 58. Rg5 Rb5
59. f3+ Kd3 60. Rxb5 Nxb5 61. Be5 Na3 62. Kg3 Nc4 63. Kf4 Ke2 64. Bc3 Ne3 65.
Ke4 Ng2 66. Bf6 Kf2 67. f4 Kg3 68. f5 Kg4 69. Bg5 Nxh4 70. Bxh4 Kxh4 71. Kf4
Kh3 72. f6 h4 73. f7 Kg2 74. f8=Q h3 75. Qg7+ Kh1 76. Kg3 1-0

[Event "Madrid ch 2011-2012 Previa A"]
[Site "Madrid ESP"]
[Date "2012.02.08"]
[Round "3.17"]
[White "Garcia-ruiz Fuentes, Angel Marcos"]
[Black "De Mingo Matias, Jose Andres"]
[Result "1-0"]
[WhiteElo "1846"]
[BlackElo "1484"]
[PlyCount "125"]
[EventDate "2012.02.06"]
[EventType "swiss"]
[EventRounds "9"]
[EventCountry "ESP"]
[Source "lmi"]
[SourceDate "2012.02.06"]

1. e4 c5 2. Nf3 e6 3. d4 cxd4 4. Nxd4 Nc6 5. c4 Nf6 6. Nc3 Bb4 7. f3 Bxc3+ 8.
bxc3 h6 9. Ba3 Qa5 10. Nb5 Kd8 11. Qc1 Ne8 12. Be2 a6 13. Nd6 Nxd6 14. Bxd6 f6
15. O-O Ne5 16. f4 Nf7 17. Bb4 Qb6+ 18. c5 Qc6 19. Bh5 Rf8 20. e5 f5 21. Bf3
Qc7 22. c6 Rg8 23. cxd7 Bxd7 24. Qa3 Rb8 25. Rfd1 Kc8 26. Bd6 Nxd6 27. Rxd6 Re8
28. Rad1 Bc6 29. Bxc6 Qb6+ 30. Kh1 bxc6 31. Qa4 Kb7 32. Rd7+ Ka8 33. Rxg7 Red8
34. Rgd7 Rxd7 35. Rxd7 Qb1+ 36. Rd1 Rb2 37. Qxa6+ Kb8 38. Qf1 Qxa2 39. h3 Rf2
40. Qd3 Qd5 41. Qb1+ Qb5 42. Qxb5+ cxb5 43. Rd6 Rxf4 44. Rxe6 Re4 45. Rb6+ Kc7
46. Rxb5 Kc6 47. Ra5 Kb6 48. Rd5 Kc6 49. Rd6+ Kc7 50. Rxh6 Rxe5 51. Rh5 Kd6 52.
Kg1 Kd5 53. g4 Kc4 54. Rxf5 Re1+ 55. Kf2 Rc1 56. Rf3 Rc2+ 57. Kg3 Ra2 58. g5
Ra6 59. h4 Rg6 60. Kg4 Kd5 61. h5 Rc6 62. Rf5+ Ke6 63. Rf6+ 1-0

[Event "Madrid ch 2011-2012 Previa A"]
[Site "Madrid ESP"]
[Date "2012.02.08"]
[Round "3.22"]
[White "Zuazua Conde, Ivan Javier"]
[Black "Garcia Donoso, Alberto"]
[Result "1/2-1/2"]
[WhiteElo "1498"]
[BlackElo "1750"]
[PlyCount "125"]
[EventDate "2012.02.06"]
[EventType "swiss"]
[EventRounds "9"]
[EventCountry "ESP"]
[Source "lmi"]
[SourceDate "2012.02.06"]

1. d4 f5 2. c4 Nf6 3. Nc3 e6 4. g3 Be7 5. Bg2 d6 6. Nf3 O-O 7. O-O Qe8 8. b3 a5
9. a3 c6 10. Bb2 Bd7 11. e3 Na6 12. Rc1 Ne4 13. Qc2 Qg6 14. Nd2 Nxd2 15. Qxd2
Rab8 16. Ne2 Bd8 17. Nf4 Qe8 18. Rfd1 d5 19. Nd3 Rf6 20. Ne5 Bc8 21. Qe2 h5 22.
Bf3 Rh6 23. cxd5 exd5 24. Rc3 Bf6 25. Nd3 h4 26. Nf4 g5 27. Nd3 g4 28. Bh1 hxg3
29. fxg3 Bg5 30. Ne5 Nc7 31. Rc5 Nb5 32. Bxd5+ Be6 33. Bxe6+ Qxe6 34. d5 Qe8
35. dxc6 bxc6 36. Qc4+ Kh7 37. Rd7+ Be7 38. Rxc6 Nd6 39. Qd5 Rb5 40. Qd4 Re6
41. Rcxd6 Rexe5 42. Rd5 Rbxd5 43. Rxd5 Bf6 44. Rd7+ Kg6 45. Rd6 Re6 46. Rxe6
Qxe6 47. Qd2 Bxb2 48. Qxb2 Qxe3+ 49. Kg2 Qf3+ 50. Kg1 Qe3+ 51. Kg2 f4 52. gxf4
Qe4+ 53. Kg1 Qxf4 54. Qc2+ Kh5 55. Qh7+ Kg5 56. Qg7+ Kh5 57. Qh7+ Kg5 58. Qe7+
Kg6 59. Qe6+ Kh5 60. Qe8+ Kg5 61. Qg8+ Kh6 62. Qe6+ Kg5 63. Qg8+ 1/2-1/2

[Event "Madrid ch 2011-2012 Previa A"]
[Site "Madrid ESP"]
[Date "2012.02.08"]
[Round "3.23"]
[White "Garcia Gonzalez, Pedro"]
[Black "Rottenwöhrer, Christoph"]
[Result "0-1"]
[WhiteElo "1867"]
[BlackElo "1595"]
[PlyCount "78"]
[EventDate "2012.02.06"]
[EventType "swiss"]
[EventRounds "9"]
[EventCountry "ESP"]
[Source "lmi"]
[SourceDate "2012.02.06"]

1. d4 Nf6 2. Nf3 g6 3. Bg5 Bg7 4. Nbd2 d6 5. c3 O-O 6. e4 h6 7. Be3 a6 8. Bd3
Nbd7 9. Qc2 e5 10. h3 Nh5 11. g3 Re8 12. O-O-O b5 13. Rdg1 c5 14. dxe5 dxe5 15.
Nh2 Bb7 16. Ng4 Kh7 17. Rh2 Rc8 18. f4 Qa5 19. Kb1 b4 20. c4 Qc7 21. f5 a5 22.
Nf2 Ra8 23. g4 Nf4 24. h4 a4 25. Nh3 b3 26. axb3 a3 27. g5 a2+ 28. Ka1 h5 29.
Nf2 Nb8 30. f6 Bf8 31. Nd1 Na6 32. Bf1 Nb4 33. Qc3 Red8 34. Bxf4 exf4 35. Nf2
Bd6 36. Rh3 Be5 37. Qc1 Qa5 38. Nd1 Nc2+ 39. Qxc2 Rxd2 0-1

[Event "Madrid ch 2011-2012 Previa A"]
[Site "Madrid ESP"]
[Date "2012.02.08"]
[Round "3.24"]
[White "Osorio Ramos, Francisco"]
[Black "Ojosnegros Martin, Angel"]
[Result "1-0"]
[WhiteElo "1848"]
[BlackElo "1480"]
[PlyCount "111"]
[EventDate "2012.02.06"]
[EventType "swiss"]
[EventRounds "9"]
[EventCountry "ESP"]
[Source "lmi"]
[SourceDate "2012.02.06"]

1. d4 d5 2. c4 e6 3. Nc3 Nf6 4. cxd5 exd5 5. Bg5 Be7 6. e3 O-O 7. Bd3 b6 8.
Bxf6 Bxf6 9. Qh5 g6 10. Qxd5 Qxd5 11. Nxd5 Bd8 12. Nxc7 Bxc7 13. Be4 Nc6 14.
Bxc6 Rb8 15. Ne2 Ba6 16. Bf3 Rbc8 17. O-O Rfd8 18. Rfc1 Kf8 19. a3 f5 20. Rc3
Bb8 21. Rac1 Ke7 22. g3 Bd6 23. Rxc8 Rxc8 24. Rxc8 Bxc8 25. Kf1 Be6 26. Ke1 g5
27. Nc3 Bd7 28. Kd2 Ke6 29. Bd5+ Kf6 30. e4 Kg6 31. e5 Be7 32. Bc4 a5 33. Nd5
Bd8 34. Ne3 h5 35. e6 Be8 36. Bd3 Kf6 37. Bxf5 Ba4 38. Kc3 Be7 39. g4 hxg4 40.
Bxg4 Bc6 41. h3 b5 42. b4 axb4+ 43. axb4 Bb7 44. d5 Ke5 45. Bf3 Kf4 46. Bg2 Bc8
47. Bf1 Bf6+ 48. Kd2 Be7 49. Bxb5 Bxb4+ 50. Ke2 Ke5 51. Kf3 Bb7 52. Bc4 Be7 53.
Kg4 Kd4 54. Nf5+ Kxc4 55. Nxe7 Kc5 56. Kxg5 1-0

[Event "Madrid ch 2011-2012 Previa A"]
[Site "Madrid ESP"]
[Date "2012.02.08"]
[Round "3.25"]
[White "Cortijo Manso, Luis"]
[Black "Greppi Gonzalez, Jose Luis"]
[Result "1-0"]
[WhiteElo "1547"]
[BlackElo "1641"]
[PlyCount "113"]
[EventDate "2012.02.06"]
[EventType "swiss"]
[EventRounds "9"]
[EventCountry "ESP"]
[Source "lmi"]
[SourceDate "2012.02.06"]

1. d4 d5 2. Nf3 h6 3. g3 Nc6 4. Bg2 Bf5 5. a3 e6 6. O-O Bd6 7. Nbd2 Nf6 8. c4
Be7 9. cxd5 exd5 10. Nb3 O-O 11. Ne5 Qe8 12. Nxc6 Qxc6 13. Bf4 Rfc8 14. Rc1 Qb6
15. Rc3 c6 16. Qd2 Qd8 17. Rcc1 Qd7 18. f3 Bh3 19. Rfe1 Bxg2 20. Kxg2 Nh7 21.
e4 Bg5 22. e5 Bxf4 23. Qxf4 Re8 24. Nc5 Nf8 25. Nxd7 Nxd7 26. Re2 Re6 27. Rce1
Rae8 28. Qc1 f5 29. f4 Nf6 30. h3 Ne4 31. Rxe4 dxe4 32. Qc4 Kh7 33. g4 g6 34.
Qb3 R8e7 35. Qg3 Rg7 36. h4 h5 37. g5 Rge7 38. b4 Rd7 39. Qc3 Rde7 40. Rc1 Kg7
41. Qb2 a6 42. Rc3 Kf8 43. Qc2 Rd7 44. Rc4 Rd5 45. Qc3 Ke7 46. Rc5 Kd7 47. a4
Re8 48. a5 Re6 49. Qc4 Re7 50. Kf2 Re6 51. Rxd5+ cxd5 52. Qxd5+ Ke7 53. Qxb7+
Ke8 54. d5 Re7 55. Qc8+ Kf7 56. d6 Ra7 57. Qc7+ 1-0

[Event "Madrid ch 2011-2012 Previa A"]
[Site "Madrid ESP"]
[Date "2012.02.08"]
[Round "3.27"]
[White "Ballesteros Galvez, Daniel"]
[Black "Lozano Sanchez, Jose Antonio"]
[Result "0-1"]
[WhiteElo "1733"]
[BlackElo "1894"]
[PlyCount "96"]
[EventDate "2012.02.06"]
[EventType "swiss"]
[EventRounds "9"]
[EventCountry "ESP"]
[Source "lmi"]
[SourceDate "2012.02.06"]

1. e4 e5 2. Nf3 Nc6 3. Nc3 Bc5 4. Bb5 d6 5. O-O a6 6. Bxc6+ bxc6 7. d3 Bg4 8.
h3 Bh5 9. Qe2 Nf6 10. Be3 Bb6 11. Bxb6 cxb6 12. Qe3 h6 13. Ne2 Nd7 14. Ng3 Bg6
15. Nd2 O-O 16. f4 exf4 17. Qxf4 Nc5 18. Nf3 Qd7 19. Nh4 Ne6 20. Qg4 Qe8 21.
Nhf5 Rd8 22. Nh5 Kh7 23. Nfxg7 Qe7 24. Nxe6 fxe6 25. Nf4 Bf7 26. Rf2 Rg8 27.
Qf3 Rg5 28. Raf1 Rdg8 29. Qe2 R8g7 30. d4 e5 31. dxe5 dxe5 32. Nd3 Bc4 33. b3
Be6 34. Qf3 Rg3 35. Qf6 Qxf6 36. Rxf6 Rxg2+ 37. Kh1 Bxh3 38. Rxc6 Re2 39. Rf2
Rxe4 40. Rh2 Rh4 41. Ne1 Re4 42. Nd3 Re3 43. Rc4 Reg3 44. Rf2 Be6 45. Rh4 Bd5+
46. Kh2 Rg1 47. Kh3 Rh1+ 48. Rh2 Bg2# 0-1

[Event "Madrid ch 2011-2012 Previa A"]
[Site "Madrid ESP"]
[Date "2012.02.08"]
[Round "3.28"]
[White "Castro Uceda, Jose Antonio"]
[Black "Garcia Lopez, Pedro"]
[Result "1-0"]
[WhiteElo "1649"]
[BlackElo "1854"]
[PlyCount "103"]
[EventDate "2012.02.06"]
[EventType "swiss"]
[EventRounds "9"]
[EventCountry "ESP"]
[Source "lmi"]
[SourceDate "2012.02.06"]

1. d4 c5 2. c4 cxd4 3. Qxd4 Nc6 4. Qd1 f5 5. Nc3 g6 6. e4 d6 7. Nf3 Bg7 8. exf5
Bxf5 9. Bd3 Qd7 10. O-O Bg4 11. Be2 Nf6 12. Re1 O-O 13. Bg5 Rae8 14. Qb3 e5 15.
Bxf6 Bxf6 16. Ne4 Be7 17. Rad1 Bxf3 18. Bxf3 Nd4 19. Qd3 Nxf3+ 20. gxf3 Qh3 21.
Nxd6 Bxd6 22. Qxd6 Qxf3 23. Qd5+ Kg7 24. Qxf3 Rxf3 25. Rd7+ Rf7 26. Red1 Ree7
27. R7d6 Rf6 28. R6d5 Kf7 29. b4 Rc6 30. c5 a6 31. Rd6 Rcc7 32. Kg2 Re6 33. Kf3
Kf6 34. Ke4 Rce7 35. a4 g5 36. b5 axb5 37. axb5 h5 38. c6 bxc6 39. bxc6 Rc7 40.
Kd5 Rce7 41. Kc5 e4 42. Kb6 Ke5 43. c7 Rxd6+ 44. Rxd6 Rxc7 45. Kxc7 Kf4 46. Rd2
g4 47. Kd6 h4 48. Kd5 Kf3 49. Ke5 g3 50. fxg3 hxg3 51. hxg3 e3 52. Rd3 1-0

[Event "Madrid ch 2011-2012 Previa A"]
[Site "Madrid ESP"]
[Date "2012.02.08"]
[Round "3.30"]
[White "Navas Marin, Felix"]
[Black "Barroso Barroso, Jorge"]
[Result "0-1"]
[WhiteElo "1605"]
[BlackElo "1740"]
[PlyCount "102"]
[EventDate "2012.02.06"]
[EventType "swiss"]
[EventRounds "9"]
[EventCountry "ESP"]
[Source "lmi"]
[SourceDate "2012.02.06"]

1. d4 e6 2. Nf3 Nf6 3. Bf4 d5 4. h3 Nbd7 5. e3 c5 6. c3 cxd4 7. exd4 Qb6 8. Qb3
Ne4 9. Ne5 Qxb3 10. axb3 Nxe5 11. dxe5 Nc5 12. b4 Nd7 13. Nd2 a6 14. Nf3 Be7
15. Bd3 O-O 16. h4 f6 17. exf6 Bxf6 18. Bg5 e5 19. Bc2 e4 20. Nd4 Bxd4 21. cxd4
Nf6 22. Bb3 Be6 23. O-O Nh5 24. Rac1 h6 25. Be3 Rac8 26. Rc5 Rxc5 27. bxc5 Nf4
28. Bxf4 Rxf4 29. g3 Rf3 30. Bc2 Kf8 31. Kg2 Ke7 32. Re1 Rf8 33. Re3 Rc8 34.
Rb3 Rc7 35. Rb6 Bd7 36. Bb3 Bc6 37. Ba2 Rc8 38. b4 Rf8 39. Bb3 Rf3 40. Bd1 Ra3
41. Bg4 Kd8 42. Be2 Kc7 43. b5 axb5 44. Bxb5 Rb3 45. Bxc6 Rxb6 46. Bxd5 Rb4 47.
Bxe4 Rxd4 48. Bh7 Kc6 49. f4 Kxc5 50. Kh3 b5 51. Kg4 b4 0-1

[Event "Madrid ch 2011-2012 Previa A"]
[Site "Madrid ESP"]
[Date "2012.02.13"]
[Round "4.1"]
[White "Jimenez Gonzalez, Marcos"]
[Black "Ruiz Sanchez, Roberto"]
[Result "0-1"]
[WhiteElo "1831"]
[BlackElo "1976"]
[PlyCount "72"]
[EventDate "2012.02.06"]
[EventType "swiss"]
[EventRounds "9"]
[EventCountry "ESP"]
[Source "lmi"]
[SourceDate "2012.02.06"]

1. c4 c6 2. g3 d5 3. Bg2 Nf6 4. Nf3 Bf5 5. O-O e6 6. b3 Be7 7. Bb2 O-O 8. d3
Nbd7 9. Nbd2 a5 10. a3 Bd6 11. h3 Qe7 12. Re1 Bg6 13. e4 dxe4 14. dxe4 e5 15.
Nh4 Bc5 16. Nxg6 fxg6 17. Nf3 Nh5 18. g4 Nf4 19. Bc1 Rf7 20. Bxf4 Rxf4 21. Ra2
Raf8 22. Ree2 Rxf3 23. Bxf3 Rxf3 24. Rad2 Rxh3 25. Rxd7 Qh4 26. Rd8+ Kf7 27.
Qd7+ Kf6 28. Rf8+ Bxf8 29. Re3 Rh1+ 30. Kg2 Qh2+ 31. Kf3 Qf4+ 32. Ke2 Kg5 33.
Qd8+ Kxg4 34. Rg3+ Kh5 35. Qd3 Rh4 36. Re3 Bc5 0-1

[Event "Madrid ch 2011-2012 Previa A"]
[Site "Madrid ESP"]
[Date "2012.02.13"]
[Round "4.2"]
[White "Calcerrada Lopez, Enrique"]
[Black "Garcia Fernandez, Jesus"]
[Result "1-0"]
[WhiteElo "1821"]
[BlackElo "1916"]
[PlyCount "97"]
[EventDate "2012.02.06"]
[EventType "swiss"]
[EventRounds "9"]
[EventCountry "ESP"]
[Source "lmi"]
[SourceDate "2012.02.06"]

1. Nf3 Nf6 2. b3 g6 3. Bb2 d6 4. g3 Bg7 5. Bg2 O-O 6. c4 e5 7. d3 Re8 8. Nbd2
c6 9. O-O a5 10. Qc2 Na6 11. a3 h6 12. Bc3 Be6 13. Qb2 Qd7 14. b4 axb4 15. axb4
Nc7 16. Rxa8 Rxa8 17. Ra1 Qd8 18. Nb3 Nd7 19. Nfd2 d5 20. e3 Kh7 21. Na5 Rb8
22. h4 Bf5 23. cxd5 cxd5 24. e4 Be6 25. exd5 Nxd5 26. Ndc4 Nxc3 27. Qxc3 Qc7
28. Qd2 e4 29. Rc1 Rc8 30. Nb3 Ne5 31. Nxe5 Qxe5 32. Rxc8 Bxc8 33. Bxe4 b6 34.
Bc6 Be6 35. d4 Qd6 36. d5 Bg4 37. Qf4 Qxf4 38. gxf4 Bf8 39. b5 Bd6 40. Nd2 Bxf4
41. Nc4 Be2 42. Nxb6 Bc7 43. Na8 Bb8 44. b6 Kg7 45. b7 Kf6 46. Nb6 Bg4 47. f3
Bf5 48. Nc8 Bh3 49. d6 1-0

[Event "Madrid ch 2011-2012 Previa A"]
[Site "Madrid ESP"]
[Date "2012.02.13"]
[Round "4.3"]
[White "Martinez Montalvo, Eduardo"]
[Black "Camarero Izquierdo, Juan Carlos"]
[Result "1-0"]
[WhiteElo "1804"]
[BlackElo "1896"]
[PlyCount "61"]
[EventDate "2012.02.06"]
[EventType "swiss"]
[EventRounds "9"]
[EventCountry "ESP"]
[Source "lmi"]
[SourceDate "2012.02.06"]

1. e4 c5 2. d4 cxd4 3. c3 dxc3 4. Nxc3 d6 5. Bc4 Nc6 6. Nf3 Nf6 7. e5 dxe5 8.
Qxd8+ Kxd8 9. Ng5 Na5 10. Bxf7 h6 11. Ne6+ Bxe6 12. Bxe6 Kc7 13. Be3 a6 14. Rc1
Kd6 15. Bf7 g5 16. O-O e6 17. Bg6 Bg7 18. Na4 Nd7 19. Rfd1+ Ke7 20. Rc7 Rad8
21. Bh5 Nc6 22. Bc5+ Kf6 23. Rcxd7 Rxd7 24. Rxd7 g4 25. Rf7+ Kg5 26. Bxg4 Bf6
27. Be3+ Kxg4 28. Rxf6 Nd4 29. Nc5 Rd8 30. h3+ Kh4 31. Rxh6# 1-0

[Event "Madrid ch 2011-2012 Previa A"]
[Site "Madrid ESP"]
[Date "2012.02.13"]
[Round "4.4"]
[White "Cano Mercado, Francisco Manuel"]
[Black "Sancho Pascual, Emilio"]
[Result "1-0"]
[WhiteElo "1865"]
[BlackElo "1572"]
[PlyCount "81"]
[EventDate "2012.02.06"]
[EventType "swiss"]
[EventRounds "9"]
[EventCountry "ESP"]
[Source "lmi"]
[SourceDate "2012.02.06"]

1. d4 Nf6 2. Nf3 e6 3. Bg5 Be7 4. e3 c5 5. c3 b6 6. Nbd2 Bb7 7. Bd3 d6 8. O-O
Nbd7 9. Re1 O-O 10. e4 e5 11. Qe2 h6 12. Bxf6 Bxf6 13. Nc4 Qc7 14. dxe5 Nxe5
15. Nfxe5 Bxe5 16. Ne3 Rae8 17. Qc2 Qd8 18. Nf5 Qg5 19. Ne3 Kh8 20. Nf1 f5 21.
f3 f4 22. Nd2 Rf6 23. Nc4 Rg6 24. Nxe5 Rxe5 25. Rad1 Bc8 26. Rd2 Qh4 27. Red1
Rh5 28. Bf1 Qxh2+ 29. Kf2 Qg3+ 30. Ke2 Ba6+ 31. c4 d5 32. Rxd5 Rh2 33. Kd2 Qxf3
34. Kc1 Qe3+ 35. Kb1 f3 36. R5d3 Qf4 37. e5 fxg2 38. Rd8+ Kh7 39. Bd3 g1=Q 40.
Rxg1 Rxc2 41. Bxg6# 1-0